Statistics for Fruit and Vegetable Emojis

Click here to take the quiz!

General Stats

  • This quiz has been taken 56,212 times
    (17,243 since last reset)
  • The average score is 20 of 31

Answer Stats

EmojiAnswer% Correct
Apple
96%
Pea
90%
Banana
89%
Tangerine
87%
Eggplant
79%
Strawberry
79%
Carrot
77%
Grape
76%
Tomato
75%
Peach
74%
Leafy Green
70%
Potato
69%
Blueberries
68%
Pear
68%
Watermelon
68%
Lemon
66%
Cucumber
64%
Broccoli
61%
Onion
61%
Pineapple
61%
Melon
58%
Cherry
56%
Mango
55%
Kiwi
52%
Pepper
52%
Avocado
50%
Corn
49%
Coconut
41%
Beans
40%
Sweet Potato
30%
Olive
27%

Score Distribution

Percentile by Number Answered

Percent of People with Each Score

Your Score History

You have not taken this quiz since the last reset